Korn Members - Statistics

General Stats
  • This quiz has been taken 154 times
  • The average score is 4 of 5
Answer Stats
Instrument Answer % Correct
Vocals Jonathan Davis
100%
Guitar Brian "Head" Welch
92%
Bass Reginald "Fieldy" Arvizu
87%
Guitar James "Munky" Shaffer
85%
Drums Ray Luzier
68%
No matching quizzes found
Score Distribution
Percent of People with Each Score
Percentile by Number Answered
Your Score History
You have not taken this quiz